Groupes de choses - Entreprises - Statistiques

Statistiques générales
  • Ce quiz a été pris 169 fois
  • Le résultat moyen est 12 sur 38
Statistiques - réponses
Indice Réponse % Correct
Les géants du net (GAFAM) Google
97%
Les géants du net (GAFAM) Facebook
93%
Les géants du net (GAFAM) Amazon
92%
Les géants du net (GAFAM) Apple
89%
Les géants du net (GAFAM) Microsoft
88%
Les géants du luxe français (KHOLC) LVMH
79%
Les géants du luxe français (KHOLC) Hermès
61%
Les géants du luxe français (KHOLC) Chanel
59%
Les supermajor / Big Oil TotalEnergies
50%
Les géants du luxe français (KHOLC) L'Oréal
35%
Les géants du net chinois (BATX) Alibaba
34%
Big six studios Walt Disney
34%
Les supermajor / Big Oil Shell
32%
Big six studios Universal
28%
Les géants du net chinois (BATX) Xiaomi
27%
Les jeunes entreprises américaines ayant un monopole sur le marché (NATU) Tesla
24%
Les Big Four (audit) KPMG
23%
Les géants du luxe français (KHOLC) Kering
21%
Les supermajor / Big Oil BP
20%
Big six studios Warner Bros
19%
Les Big Four (audit) EY
17%
Les Big Four (audit) Deloitte
15%
Les jeunes entreprises américaines ayant un monopole sur le marché (NATU) Netflix
14%
Les géants du net chinois (BATX) Tencent
14%
Big six studios Paramount
13%
Les Big Four (audit) PwC
13%
Les Big Three (ou MBB) dans le conseil McKinsey
12%
Les géants du net chinois (BATX) Baidu
11%
Big six studios Columbia
10%
Les supermajor / Big Oil ExxonMobil
10%
Les Big Three (ou MBB) dans le conseil Boston Consulting Group
8%
Les jeunes entreprises américaines ayant un monopole sur le marché (NATU) Uber
8%
Big six studios 20th Century Fox
7%
Les Big Three (ou MBB) dans le conseil Bain
6%
Les supermajor / Big Oil Eni
5%
Les jeunes entreprises américaines ayant un monopole sur le marché (NATU) Airbnb
4%
Les supermajor / Big Oil Chevron Texaco
4%
Les supermajor / Big Oil ConocoPhillips
1%
Aucun quiz correspondant
Distribution des résultats
% des personnes avec chaque résultat
Percentile par nombre de réponses
Votre historique - résultats
Vous n’avez pas pris ce quiz